000 01575cam a2200445 a 4500
001 4085
003 FISKH
005 20250828130818.0
008 960123s1997 nyua j 000 0 spa
010 _a 96003701
020 _a0688139035 (alk. paper)
020 _a9780439250771
020 _a0688139043 (lib. bdg. : alk. paper)
040 _aDLC
_cDLC
_dDLC
_beng
041 0 _aspaeng
042 _alcac
050 0 0 _aPQ7079.2.A32
_bG38 1997
082 0 0 _a861
_220
100 1 _aAda, Alma Flor.
245 1 0 _a Gathering the sun :
_ban Alphabet in Spanish and English /
_cAlma Flor Ada ; illustrated by Simon Silva ; English translation by Rosa Zubizarreta.
250 _aFirst Scholastic Printing, November 2000
260 _aNew York :
_bScholastic,
_c1994.
300 _a40 unnumbered pages :
_bcolor illustrations ;
_c28 cm
505 _aP
520 _aA book of poems about working in the fields and nature's bounty, one for each letter of the Spanish alphabet.
521 8 _a650
_bLexile AD
521 8 _aP
_bRaz-Plus
546 _aSpanish and English.
650 0 _aChildren's poetry, Hispanic American (Spanish)
650 0 _aSpanish language
_xAlphabet.
650 0 _aAgricultural laborers
_xJuvenile poetry.
650 1 _aHispanic American poetry (Spanish)
650 1 _aAlphabet.
650 1 _aAgricultural laborers
_xPoetry.
650 1 _aSpanish language materials
_xBilingual.
700 1 _aSilva, Simon,
_eillustrator
906 _a7
_bcbc
_corignew
_d1
_eocip
_f19
_gy-gencatlg
942 _2ddc
_cBK
_n0
999 _c4085
_d4085